000 00352nam a2200145Ia 4500
100 _aIndian Society for Technical Eduaction
650 _aCarpentery
942 _cBK
654 _aInstitutional Development
245 _aInstitutional Development Series Prensentation Skill
260 _bISTE
300 _a52
546 _aENGLISH
999 _c18750
_d18750